01013nam a22002297a 450000500170000000800410001702000180005804000210007604100080009708200150010510000270012024500600014726000820020730000100028965000250029970000250032494200120034999900170036195201350037895201350051395201350064820250916093932.0250916b |||||||| |||| 00| 0 eng d a9788198692856 aIN-DiNCcIN-DiNC deng a338.9bAHM aAhmed, Rofiqueeauthor aEconomic development/cby Rofique Ahmed and Alena Begum aJorhat:bNorth East institute of research consultancy and publication,c2025. a432p. aEconomic development aBegum, Alenaeauthor 2ddccBK c12280d12280 00102ddc40708ECOaMAINbMAINcGENd2025-09-16g550.00l1o338.9 AHMp30913r2025-11-15 10:38:25s2025-09-27t1w2025-09-16yBK 00102ddc40708ECOaMAINbMAINcGENd2025-09-16g550.00l2o338.9 AHMp30914r2025-11-29 06:49:56s2025-11-15t2w2025-09-16yBK 00102ddc40708ECOaMAINbMAINcGENd2025-09-16g550.00l1o338.9 AHMp30915r2025-11-17 10:53:42s2025-09-27t3w2025-09-16yBK